00550nam a2200169 a 450000100060000000300090000600800410001504000280005608200170008410000230010111000500012424500680017426000730024230000100031565000220032565000330034712808CO-ViMGA141112s2004 ck r 000 u spa d aCO-ViMGAbspacCO-ViMGA04aCo861.4 C17d1 aCarranza Eduardo,  aColegio Máximo de las Academias de Colombia10aLos Dias que ahora son sueños : bPoesia en prosa 1943 - 1972 aBogotá : bImprenta patriotica del instituto caro y cuervo, c1973 a108p.14aPOESIA COLOMBIANA14aPOESIA EN PROSA - COLOMBIANA